00601nam a22001697a 450000500170000002000230001703500130004003700130005310000240006624501070009026000250019730000230022270000290024594200220027499900170029695201180031320120216150157.0 a8120313682c125.00 aA-950963 aDPLbENG aNie, Junhong942333 aFuzzy-Neural control :bPrinciples, algorithms and applications /cby Junhong Nie and Derek A. Linkens aNew DelhibPHIc1995 aix, 243p.c22 cms. aLinkens, Derek A.942334 2ddccENh006mNIE c63027d63027 001040708NFICaZLSbZLSd2012-02-16g125.00l0o006 NIEpB-950963r2012-02-16 00:00:00v125.00w2012-02-16yEN